Historia del pueblo indio

Uloženo v:
Podrobná bibliografie
Hlavní autor: Chand, Tara (Autor)
Médium: Kniha
Jazyk:španělština
Vydáno: Buenos Aires Sur 1962
Témata:
Tagy: Přidat tag
Žádné tagy, Buďte první, kdo vytvoří štítek k tomuto záznamu!

MARC

LEADER 00000nam a2200000 a 4500
001 UCO2276
003 CL-VaPUC
008 000602e19620000AG |||||||||||||||||spa|d
082 0 4 |a 954  |b CHA  |2 21 
100 0 |a Chand, Tara  |e author  |9 445289 
245 1 0 |a Historia del pueblo indio 
300 |a 344 p 
942 |c BK 
945 |d 20000602 00:00:00  |a rherrera 
260 |a Buenos Aires  |b Sur  |c 1962 
650 7 |a HISTORIA DE LA INDIA  |2 CL-VaPUC  |9 438922 
650 7 |a ORIGENES  |2 CL-VaPUC  |9 367418 
650 7 |a EDAD DE PIEDRA  |2 CL-VaPUC  |9 351856 
650 0 |a Edad media  |9 258041 
650 7 |a IMPERIO MUGAL  |2 CL-VaPUC  |9 445290 
650 0 |a Arios  |9 445291 
650 7 |a CULTURA INDIA  |2 CL-VaPUC  |9 408762 
650 7 |a COLONIAS INGLESAS  |2 CL-VaPUC  |9 433674 
650 0 |a Independencia   |9 344246 
651 0 |a India  |9 267804 
583 |a last modification  |c 20000602 00:00:00  |k Rodrigo Vera 
999 |c 288812  |d 288810 
952 |0 0  |1 0  |4 0  |6 954_000000000000000_CHA_1962  |7 0  |8 A  |9 336741  |a BIBHIS  |b BIBHIS  |d 2019-11-20  |i 1284401  |o 954 CHA 1962  |p 1284401  |r 2025-01-20  |w 2019-11-20  |y BK  |k HIS